000 00262nam a2200097Ia 4500
001 653832
005 20250826154506.0
008 250824s9999 xx 000 0 und d
245 0 _a3 EJDERHACA NASIL KONUŞURSUN
_cCRESSİDA COWELL
260 _bGÜNIŞIĞI YAYINLARI
999 _c653832
_d653832